[Event "Ruhrgebiet Verbandsliga Gruppe 2 1718"]
[Site "Germany"]
[Date "2018.03.18"]
[Round "8.2"]
[White "Birdaini, Becir"]
[Black "Topolewski, Dirk"]
[Result "1/2-1/2"]
[WhiteElo "2010"]
[BlackElo "2093"]
[PlyCount "90"]
[EventDate "2017.09.17"]
[EventType "team-tourn"]
[EventRounds "9"]
[EventCountry "GER"]
[SourceTitle "EXT 2022"]
[Source "ChessBase"]
[SourceDate "2021.10.06"]
[SourceVersion "1"]
[SourceVersionDate "2021.10.06"]
[SourceQuality "1"]
[WhiteTeam "Altenessen"]
[BlackTeam "Gerthe Werne"]
[WhiteTeamCountry "GER"]
[BlackTeamCountry "GER"]

1. e4 e6 2. d4 d5 3. exd5 exd5 4. Bd3 Nc6 5. c3 Bd6 6. Nf3 Nf6 7. 0-0 0-0 8. Bg5 Bg4 9. Nbd2 h6 10. Bh4 Re8 11. Qc2 g5 12. Bg3 Bxg3 13. hxg3 Qd6 14. Rfe1 Kg7 15. Bb5 Bxf3 16. Nxf3 Rxe1+ 17. Rxe1 Ne4 18. Bxc6 Qxc6 19. c4 Re8 20. Ne5 Qd6 21. Re3 c6 22. c5 Qc7 23. b4 a6 24. a4 Ra8 25. Qa2 Rb8 26. Kh2 Ra8 27. f3 Nf6 28. Qc2 Qc8 29. Qe2 Qf5 30. Nd3 Kf8 31. g4 Qd7 32. Ne5 Qc7 33. Qf2 Nd7 34. Qg3 Nxe5 35. Rxe5 Qd7 36. Kg1 f6 37. Re2 Kf7 38. Qh2 Rh8 39. Kf2 Kg6 40. Ke1 Rf8 41. Kd2 Ra8 42. a5 Rd8 43. Kc3 Qf7 44. Qh1 Kg7 45. Qh2 Re8 1/2-1/2

[Event "Ruhrgebiet Verbandsliga Gruppe 1 1617"]
[Site "Germany"]
[Date "2016.10.30"]
[Round "3.2"]
[White "Georg, Felix"]
[Black "Topolewski, Dirk"]
[Result "0-1"]
[WhiteElo "1883"]
[BlackElo "2131"]
[PlyCount "62"]
[EventDate "2016.09.04"]
[EventType "team-tourn"]
[EventRounds "9"]
[EventCountry "GER"]
[SourceTitle "EXT 2022"]
[Source "ChessBase"]
[SourceDate "2021.10.06"]
[SourceVersion "1"]
[SourceVersionDate "2021.10.06"]
[SourceQuality "1"]
[WhiteTeam "Kamen SV II"]
[BlackTeam "Gerthe Werne"]
[WhiteTeamCountry "GER"]
[BlackTeamCountry "GER"]

1. c4 e5 2. g3 Nf6 3. Bg2 c5 4. Nc3 Nc6 5. e3 d6 6. Nge2 Bf5 7. d3 Qd7 8. h3 h5 9. a3 Be6 10. Nd5 Bxd5 11. cxd5 Ne7 12. Qb3 Rb8 13. Bd2 b5 14. Rc1 Qb7 15. 0-0 Ng6 16. Qa2 Nd7 17. f4 exf4 18. Nxf4 Nge5 19. d4 Nc4 20. Bc3 cxd4 21. exd4 Be7 22. Rce1 Nf6 23. b3 Nb6 24. Qe2 Qd7 25. Qd3 0-0 26. Bb4 Rbe8 27. Ne6 fxe6 28. dxe6 Qc8 29. d5 a6 30. Rf5 a5 31. Bc3 Bd8 0-1

[Event "Ruhrgebiet Verbandsklasse Gruppe 2 1516"]
[Site "Germany"]
[Date "2015.12.20"]
[Round "5.2"]
[White "Topolewski, Dirk"]
[Black "Herud, Martin"]
[Result "0-1"]
[WhiteElo "2134"]
[BlackElo "1967"]
[PlyCount "66"]
[EventDate "2015.09.06"]
[EventType "team-tourn"]
[EventRounds "9"]
[EventCountry "GER"]
[SourceTitle "EXT 2022"]
[Source "ChessBase"]
[SourceDate "2021.10.06"]
[SourceVersion "1"]
[SourceVersionDate "2021.10.06"]
[SourceQuality "1"]
[WhiteTeam "Gerthe Werne"]
[BlackTeam "Recklinghausen Laeufer Ost"]
[WhiteTeamCountry "GER"]
[BlackTeamCountry "GER"]

1. c4 e5 2. e3 Nf6 3. d4 Nc6 4. Nc3 Bb4 5. Nf3 exd4 6. exd4 0-0 7. Be2 d5 8. 0-0 Be6 9. c5 Ne4 10. Na4 g5 11. h3 h5 12. a3 g4 13. hxg4 hxg4 14. Nh2 Kg7 15. axb4 Rh8 16. Bf4 Qf6 17. g3 Qg6 18. Nxg4 Rh3 19. Kg2 Rah8 20. Nh6 Ng5 21. Bxg5 Qxg5 22. Ng4 Bxg4 23. Bxg4 Rh2+ 24. Kf3 f5 25. Bxf5 Qxf5+ 26. Ke2 Re8+ 27. Kd2 Nxd4 28. Kc3 Re4 29. Qd3 Ne2+ 30. Kb3 Rxb4+ 31. Kc2 Nd4+ 32. Kd2 Nb3+ 33. Kc3 Rc4+ 0-1

[Event "Dortmund Sparkassen op-A"]
[Site "Dortmund"]
[Date "2015.06.30"]
[Round "4"]
[White "Pap, Misa"]
[Black "Topolewski, Dirk"]
[Result "1-0"]
[WhiteElo "2491"]
[BlackElo "2228"]
[PlyCount "73"]
[EventDate "2015.06.27"]
[EventType "swiss"]
[EventRounds "9"]
[EventCountry "GER"]
[SourceTitle "CBM 167 Extra"]
[Source "ChessBase"]
[SourceDate "2015.09.14"]
[SourceVersion "1"]
[SourceVersionDate "2015.09.14"]
[SourceQuality "1"]

1. e4 e6 2. d4 d5 3. Nd2 c5 4. dxc5 Bxc5 5. Bd3 Nc6 6. Ngf3 Nf6 7. Qe2 Nb4 8. e5 Ng4 9. 0-0 Nxd3 10. cxd3 Bd7 11. Nb3 Bb6 12. h3 Nh6 13. Bg5 Qc7 14. Rac1 Bc6 15. Bxh6 gxh6 16. Nbd4 Qd7 17. Qd2 Rg8 18. Qxh6 0-0-0 19. Rc3 Kb8 20. Rfc1 Bb5 21. Qf4 Rdf8 22. b4 Ba4 23. Nf5 a6 24. Nh6 Rg7 25. Nd4 Ka7 26. Ng4 Qe7 27. Nf6 Kb8 28. g3 Rh8 29. Nxd5 exd5 30. e6+ Ka7 31. Rc8 Rxc8 32. Rxc8 a5 33. bxa5 Bc5 34. Nf5 Qxe6 35. Qb8+ Ka6 36. Rxc5 Qe1+ 37. Kg2 1-0

[Event "Dortmund Sparkassen op-A"]
[Site "Dortmund"]
[Date "2015.06.28"]
[Round "2"]
[White "Stricker, Florian"]
[Black "Topolewski, Dirk"]
[Result "0-1"]
[WhiteElo "2100"]
[BlackElo "2228"]
[PlyCount "54"]
[EventDate "2015.06.27"]
[EventType "swiss"]
[EventRounds "9"]
[EventCountry "GER"]
[SourceTitle "CBM 167 Extra"]
[Source "ChessBase"]
[SourceDate "2015.09.14"]
[SourceVersion "1"]
[SourceVersionDate "2015.09.14"]
[SourceQuality "1"]

1. d4 Nf6 2. c4 e6 3. Nf3 c5 4. e3 g6 5. g3 b6 6. Bg2 Bb7 7. Nc3 Bg7 8. 0-0 Ne4 9. Qc2 Nxc3 10. bxc3 d6 11. Rd1 Nd7 12. e4 Qc7 13. Be3 0-0 14. h3 Rae8 15. Nd2 f5 16. f4 e5 17. d5 exf4 18. Bxf4 Ne5 19. exf5 Rxf5 20. Qa4 Ref8 21. Be4 R5f7 22. Rf1 Bc8 23. h4 Bh3 24. Rfe1 Qc8 25. Qc2 Qg4 26. Qd1 Rxf4 27. Qxg4 Rxg4 0-1

[Event "Dortmund Sparkassen op-A"]
[Site "Dortmund"]
[Date "2015.06.27"]
[Round "1"]
[White "Topolewski, Dirk"]
[Black "Hartung, Thomas1111"]
[Result "1-0"]
[WhiteElo "2228"]
[BlackElo "2012"]
[PlyCount "73"]
[EventDate "2015.06.27"]
[EventType "swiss"]
[EventRounds "9"]
[EventCountry "GER"]
[SourceTitle "CBM 167 Extra"]
[Source "ChessBase"]
[SourceDate "2015.09.14"]
[SourceVersion "1"]
[SourceVersionDate "2015.09.14"]
[SourceQuality "1"]

1. d4 Nf6 2. Nf3 g6 3. Bf4 d6 4. h3 Bg7 5. e3 0-0 6. Be2 c5 7. Nbd2 Nbd7 8. 0-0 Ne8 9. c3 e5 10. Bh2 f5 11. dxe5 dxe5 12. Nc4 Qe7 13. Qd5+ Kh8 14. Nfxe5 Ndf6 15. Qd3 Be6 16. Rfd1 Ne4 17. f3 b5 18. Na5 c4 19. Qd4 Ng5 20. Nac6 Qb7 21. Qc5 Nf6 22. a4 Nf7 23. Nd4 Nd7 24. Nxf7+ Bxf7 25. Qxb5 Nb6 26. Bd6 Rfe8 27. Kf2 Rac8 28. Nc2 h6 29. Nb4 Kh7 30. Rd2 Bg8 31. Rad1 Qf7 32. g3 Qe6 33. Nc2 Nd7 34. Bf4 Ne5 35. Rd6 Qe7 36. Bxe5 Bxe5 37. Rd7 1-0

[Event "Ruhrgebiet Verbandsliga Gruppe 1 1415"]
[Site "Germany"]
[Date "2015.03.01"]
[Round "7.1"]
[White "Sinnwell, Horst"]
[Black "Topolewski, Dirk"]
[Result "1/2-1/2"]
[WhiteElo "1991"]
[BlackElo "2149"]
[PlyCount "103"]
[EventDate "2014.09.21"]
[EventType "team-tourn"]
[EventRounds "9"]
[EventCountry "GER"]
[SourceTitle "EXT 2022"]
[Source "ChessBase"]
[SourceDate "2021.10.06"]
[SourceVersion "1"]
[SourceVersionDate "2021.10.06"]
[SourceQuality "1"]
[WhiteTeam "Kirchhellen SF"]
[BlackTeam "Gerthe Werne"]
[WhiteTeamCountry "GER"]
[BlackTeamCountry "GER"]

1. Nf3 d5 2. c4 dxc4 3. Na3 Nc6 4. Nxc4 f6 5. e4 e5 6. Ne3 Be6 7. Bc4 Bxc4 8. Nxc4 Qd3 9. Qe2 Nb4 10. Qxd3 Nxd3+ 11. Ke2 0-0-0 12. g3 Bc5 13. Ne3 Ne7 14. Ne1 Nxe1 15. Rxe1 Nc6 16. Nc2 Rd7 17. d3 Rhd8 18. Rd1 f5 19. Bg5 Rf8 20. exf5 Rxf5 21. Be3 Bf8 22. Re1 g6 23. Kf1 Rxd3 24. Rad1 Rxd1 25. Rxd1 Rf7 26. Ke2 Rd7 27. Rd3 Rxd3 28. Kxd3 Kd7 29. Ke4 Ke6 30. a3 Nd8 31. f4 exf4 32. Nd4+ Kd7 33. Bxf4 Bg7 34. Be5 Bf8 35. Nb5 c6 36. Nc3 Nf7 37. Bb8 Bc5 38. b4 Bg1 39. Ne2 Bb6 40. h4 a6 41. g4 Bd8 42. h5 Bg5 43. hxg6 hxg6 44. Nf4 Bxf4 45. Bxf4 Ke6 46. Kd4 Kd7 47. Kc5 Nd8 48. Kb6 Kc8 49. Bc7 Ne6 50. Be5 Nf8 51. Kc5 Kd7 52. Kb6 1/2-1/2

[Event "Ruhrgebiet Verbandsliga Gruppe 1 1415"]
[Site "Germany"]
[Date "2015.02.08"]
[Round "6"]
[White "Topolewski, Dirk"]
[Black "Korber, Markus"]
[Result "1/2-1/2"]
[WhiteElo "2149"]
[BlackElo "1947"]
[PlyCount "57"]
[EventDate "2014.09.21"]
[EventType "team-tourn"]
[EventRounds "9"]
[EventCountry "GER"]
[SourceTitle "EXT 2022"]
[Source "ChessBase"]
[SourceDate "2021.10.06"]
[SourceVersion "1"]
[SourceVersionDate "2021.10.06"]
[SourceQuality "1"]
[WhiteTeam "Gerthe Werne"]
[BlackTeam "Steele/Kray Rochade"]
[WhiteTeamCountry "GER"]
[BlackTeamCountry "GER"]

1. e4 c5 2. Nf3 e6 3. c3 d5 4. exd5 Qxd5 5. d4 Nf6 6. Bd3 Nbd7 7. 0-0 Be7 8. c4 Qd6 9. Nc3 a6 10. Be3 0-0 11. Qc2 h6 12. Rad1 Qc7 13. Qe2 Rd8 14. Rfe1 b6 15. Bc1 cxd4 16. Nxd4 Nc5 17. Bc2 Bf8 18. b4 Ncd7 19. a3 Bb7 20. Bb2 Rac8 21. Bb3 Nb8 22. h3 Nc6 23. Nxe6 fxe6 24. Qxe6+ Kh8 25. Nd5 Nxd5 26. Qxh6+ Kg8 27. Qe6+ Qf7 28. Qxf7+ Kxf7 29. cxd5 1/2-1/2

[Event "Ruhrgebiet Verbandsliga2 1213"]
[Site "Nordrheinwestfalen"]
[Date "2013.02.24"]
[Round "7.7"]
[White "Topolewski, Dirk"]
[Black "Wiktor, Reinhard"]
[Result "1-0"]
[WhiteElo "2164"]
[BlackElo "1783"]
[PlyCount "66"]
[EventDate "2012.09.02"]
[EventType "team-tourn"]
[EventRounds "9"]
[EventCountry "GER"]
[SourceTitle "EXT 2020"]
[Source "ChessBase"]
[SourceDate "2019.10.17"]
[SourceVersion "1"]
[SourceVersionDate "2019.10.17"]
[SourceQuality "1"]
[WhiteTeam "Gerthe Werne"]
[BlackTeam "Mengede SG"]
[WhiteTeamCountry "GER"]
[BlackTeamCountry "GER"]

1. d4 Nf6 2. c4 g6 3. Nc3 Bg7 4. e4 d6 5. f3 0-0 6. Bg5 a6 7. Qd2 Nc6 8. d5 Nb8 9. Bh6 c6 10. Bxg7 Kxg7 11. Bd3 cxd5 12. exd5 Nbd7 13. b3 Ne5 14. Bc2 Rb8 15. f4 Ned7 16. Nf3 b5 17. Nd4 b4 18. Nce2 Bb7 19. 0-0 Qb6 20. Kh1 Nc5 21. f5 e5 22. fxe6 fxe6 23. dxe6 Rbe8 24. Nf4 Be4 25. Rae1 Bxc2 26. Nxc2 Nce4 27. Qd4 Qxd4 28. Nxd4 g5 29. Nh3 Kg6 30. Kg1 h6 31. Rf5 Rxe6 32. Nxe6 Kxf5 33. Nxf8 a5 1-0

[Event "Ruhrgebiet Verbandsliga2 1213"]
[Site "Nordrheinwestfalen"]
[Date "2012.09.02"]
[Round "1.7"]
[White "Bauch, Ralf"]
[Black "Topolewski, Dirk"]
[Result "0-1"]
[WhiteElo "1937"]
[BlackElo "2164"]
[PlyCount "66"]
[EventDate "2012.09.02"]
[EventType "team-tourn"]
[EventRounds "9"]
[EventCountry "GER"]
[SourceTitle "EXT 2020"]
[Source "ChessBase"]
[SourceDate "2019.10.17"]
[SourceVersion "1"]
[SourceVersionDate "2019.10.17"]
[SourceQuality "1"]
[WhiteTeam "Doppelbauer Brambauer"]
[BlackTeam "Gerthe Werne"]
[WhiteTeamCountry "GER"]
[BlackTeamCountry "GER"]

1. d4 e6 2. Nf3 Nf6 3. c4 c5 4. Nc3 cxd4 5. Nxd4 Bc5 6. Nb3 Bb4 7. Bd2 0-0 8. e3 Nc6 9. a3 Be7 10. Be2 d5 11. cxd5 exd5 12. 0-0 a6 13. Nd4 Ne5 14. a4 Bd6 15. f4 Nc6 16. Nxc6 bxc6 17. Qc2 Re8 18. Bf3 Rb8 19. a5 Qe7 20. Na4 c5 21. Rfe1 g6 22. Bc3 Ne4 23. Bxe4 dxe4 24. Nb6 Bb7 25. Nc4 Bc7 26. Rad1 f6 27. Nb6 Red8 28. Qb3+ Kf8 29. Rxd8+ Rxd8 30. Rd1 Rd3 31. Rxd3 exd3 32. Nd5 Bxd5 33. Qxd5 Qxe3+ 0-1

[Event "Oberliga NRW 0910"]
[Site "Germany"]
[Date "2010.04.25"]
[Round "9.2"]
[White "Topolewski, Dirk"]
[Black "Stoeber, Michael"]
[Result "1-0"]
[WhiteElo "2247"]
[BlackElo "2294"]
[PlyCount "47"]
[EventDate "2009.09.20"]
[EventType "team-tourn"]
[EventRounds "9"]
[EventCountry "GER"]
[SourceTitle "EXT 2011"]
[Source "ChessBase"]
[SourceDate "2010.11.26"]
[SourceVersion "1"]
[SourceVersionDate "2010.11.26"]
[SourceQuality "1"]
[WhiteTeam "Castrop Rauxel"]
[BlackTeam "Monheim"]
[WhiteTeamCountry "GER"]
[BlackTeamCountry "GER"]

1. d4 g6 2. Nf3 Nf6 3. Bf4 Bg7 4. h3 0-0 5. e3 d6 6. Be2 Nbd7 7. 0-0 Qe8 8. Bh2 e5 9. c4 Qe7 10. Nc3 e4 11. Nd2 Re8 12. Qc2 Nf8 13. Nd5 Nxd5 14. cxd5 Bf5 15. g4 Bd7 16. Qxc7 Rac8 17. Qxd6 Qxd6 18. Bxd6 Rc2 19. Bb4 Rec8 20. Rab1 f5 21. Bd1 Rc1 22. Rxc1 Rxc1 23. Be2 Rc8 24. Rb1 1-0

[Event "Oberliga NRW 0910"]
[Site "Germany"]
[Date "2010.01.10"]
[Round "5.3"]
[White "Villwock, Martin"]
[Black "Topolewski, Dirk"]
[Result "0-1"]
[WhiteElo "2251"]
[BlackElo "2247"]
[PlyCount "68"]
[EventDate "2009.09.20"]
[EventType "team-tourn"]
[EventRounds "9"]
[EventCountry "GER"]
[SourceTitle "EXT 2011"]
[Source "ChessBase"]
[SourceDate "2010.11.26"]
[SourceVersion "1"]
[SourceVersionDate "2010.11.26"]
[SourceQuality "1"]
[WhiteTeam "Katernberg II"]
[BlackTeam "Castrop Rauxel"]
[WhiteTeamCountry "GER"]
[BlackTeamCountry "GER"]

1. e4 g6 2. d4 Bg7 3. Nc3 c6 4. Bc4 d6 5. Qf3 e6 6. Be3 b5 7. Bb3 Qe7 8. h4 Nf6 9. Nh3 e5 10. dxe5 dxe5 11. Ng5 0-0 12. h5 gxh5 13. Qg3 Nbd7 14. 0-0-0 h6 15. Nf3 Kh8 16. Qh4 Nc5 17. Nh2 a5 18. g4 Nxb3+ 19. cxb3 a4 20. g5 Nh7 21. Qxh5 axb3 22. axb3 Ra1+ 23. Kc2 Rxd1 24. Rxd1 Nxg5 25. Rg1 f6 26. Rh1 Qf7 27. Qh4 Qg6 28. Ng4 Nf3 29. Qxh6+ Bxh6 30. Rxh6+ Kg7 31. Rxg6+ Kxg6 32. Nh6 Rh8 33. Nf5 Bxf5 34. exf5+ Kxf5 0-1

[Event "NRW Class2 0809"]
[Site "Germany"]
[Date "2009.04.26"]
[Round "9.4"]
[White "Topolewski, Dirk"]
[Black "Hanhoerster, Stephan"]
[Result "1-0"]
[WhiteElo "2228"]
[BlackElo "2015"]
[PlyCount "65"]
[EventDate "2008.09.21"]
[EventType "team-tourn"]
[EventRounds "9"]
[EventCountry "GER"]
[SourceTitle "EXT 2010"]
[Source "ChessBase"]
[SourceDate "2010.11.25"]
[SourceVersion "1"]
[SourceVersionDate "2010.11.25"]
[SourceQuality "1"]
[WhiteTeam "Castrop Rauxel"]
[BlackTeam "Guetersloh"]
[WhiteTeamCountry "GER"]
[BlackTeamCountry "GER"]

1. d4 d5 2. e3 Nf6 3. Nf3 Bg4 4. h3 Bh5 5. g4 Bg6 6. Ne5 Nfd7 7. Nxg6 hxg6 8. Nc3 e6 9. e4 Bb4 10. exd5 exd5 11. a3 Bxc3+ 12. bxc3 0-0 13. Be3 Re8 14. h4 c5 15. Be2 Nc6 16. Kf1 cxd4 17. cxd4 Nf6 18. Bd3 Ne4 19. Kg2 Qf6 20. g5 Qe6 21. h5 Ne7 22. Qf3 Nf5 23. Rae1 Rac8 24. Qf4 Qd6 25. Qxd6 Nexd6 26. hxg6 fxg6 27. Rh3 Kf7 28. Rb1 Re7 29. Rb4 b6 30. Bf4 Ne4 31. c4 Nxd4 32. cxd5 Nf5 33. Rxe4 1-0

[Event "NRW Class2 0809"]
[Site "Germany"]
[Date "2009.03.22"]
[Round "8.3"]
[White "Topolewski, Dirk"]
[Black "Helbig, Mark"]
[Result "1/2-1/2"]
[WhiteElo "2228"]
[BlackElo "2350"]
[PlyCount "55"]
[EventDate "2008.09.21"]
[EventType "team-tourn"]
[EventRounds "9"]
[EventCountry "GER"]
[SourceTitle "EXT 2010"]
[Source "ChessBase"]
[SourceDate "2010.11.25"]
[SourceVersion "1"]
[SourceVersionDate "2010.11.25"]
[SourceQuality "1"]
[WhiteTeam "Castrop Rauxel"]
[BlackTeam "KKS"]
[WhiteTeamCountry "GER"]
[BlackTeamCountry "GER"]

1. d4 d5 2. Nf3 c6 3. e3 Nf6 4. c4 e6 5. Qc2 Nbd7 6. Nbd2 Bd6 7. b3 Qe7 8. Bb2 b6 9. Bd3 Bb7 10. 0-0 0-0 11. Rfe1 Rac8 12. e4 dxe4 13. Nxe4 Nxe4 14. Rxe4 Ba3 15. Rh4 h6 16. Bc3 Bb4 17. Bb2 Rfd8 18. a3 Bd6 19. Re1 Bxa3 20. Ba1 Bd6 21. Qb2 Nf6 22. Bb1 Qc7 23. Qc1 Kf8 24. Rxh6 Bf4 25. Qa3+ Bd6 26. Qc1 Bf4 27. Qa3+ Bd6 28. Qc1 1/2-1/2

[Event "NRW Class2 0809"]
[Site "Germany"]
[Date "2009.02.01"]
[Round "6.3"]
[White "Topolewski, Dirk"]
[Black "Wienen, Hermann"]
[Result "0-1"]
[WhiteElo "2228"]
[BlackElo "1996"]
[PlyCount "106"]
[EventDate "2008.09.21"]
[EventType "team-tourn"]
[EventRounds "9"]
[EventCountry "GER"]
[SourceTitle "EXT 2010"]
[Source "ChessBase"]
[SourceDate "2010.11.25"]
[SourceVersion "1"]
[SourceVersionDate "2010.11.25"]
[SourceQuality "1"]
[WhiteTeam "Castrop Rauxel"]
[BlackTeam "Heiden"]
[WhiteTeamCountry "GER"]
[BlackTeamCountry "GER"]

1. e4 c5 2. c3 d6 3. d4 cxd4 4. cxd4 Nf6 5. Nc3 g6 6. Bc4 Bg7 7. Nf3 0-0 8. Qe2 e6 9. e5 dxe5 10. dxe5 Nfd7 11. Bg5 Qa5 12. Be7 Re8 13. b4 Qb6 14. Bd6 a6 15. 0-0 Nc6 16. Rad1 Bf8 17. Ne4 Bg7 18. Nc5 Nxc5 19. bxc5 Qa5 20. Rb1 Ne7 21. Ng5 Nf5 22. Ne4 Rd8 23. Qf3 Nxd6 24. Nxd6 Rf8 25. Qe3 Rb8 26. Rb6 Bd7 27. Rfb1 Bc6 28. Bxa6 Qxa2 29. h3 Qd5 30. f3 Bxe5 31. Kh1 Bd4 32. Qh6 Bxc5 33. Ne4 Qf5 34. Ng5 Rfd8 35. R6b3 Qf6 36. Qxh7+ Kf8 37. Ne4 Bxe4 38. fxe4 Bd6 39. Rf3 Qg7 40. Qh4 bxa6 41. Rbf1 Rd7 42. Qg5 Kg8 43. Qg4 Qe5 44. g3 a5 45. Rd1 Rdb7 46. Rfd3 Bf8 47. Qf3 a4 48. R1d2 a3 49. Rf2 Bc5 50. Rc2 Rb1+ 51. Kh2 R1b2 52. Rdc3 Rxc2+ 53. Rxc2 Rb2 0-1

[Event "NRW Class2 0809"]
[Site "Germany"]
[Date "2008.11.09"]
[Round "3.3"]
[White "Topolewski, Dirk"]
[Black "Bosman, Michiel"]
[Result "0-1"]
[WhiteElo "2228"]
[BlackElo "2346"]
[PlyCount "78"]
[EventDate "2008.09.21"]
[EventType "team-tourn"]
[EventRounds "9"]
[EventCountry "GER"]
[SourceTitle "EXT 2010"]
[Source "ChessBase"]
[SourceDate "2010.11.25"]
[SourceVersion "1"]
[SourceVersionDate "2010.11.25"]
[SourceQuality "1"]
[WhiteTeam "Castrop Rauxel"]
[BlackTeam "Emsdetten II"]
[WhiteTeamCountry "GER"]
[BlackTeamCountry "GER"]

1. d4 Nf6 2. Nf3 d5 3. e3 c5 4. Ne5 Nbd7 5. f4 g6 6. c4 cxd4 7. exd4 Bg7 8. Nc3 0-0 9. c5 e6 10. Be3 Nxe5 11. dxe5 Nd7 12. Be2 g5 13. fxg5 Nxe5 14. 0-0 Ng6 15. Qe1 Qc7 16. Rd1 Qe5 17. Rf3 Bd7 18. h4 Qc7 19. Qf2 Bc6 20. Rf6 Rad8 21. h5 Ne7 22. Bd3 Nf5 23. Rxf5 exf5 24. Qxf5 Rfe8 25. Bf4 Qe7 26. Bd6 Rxd6 27. cxd6 Qxd6 28. Rf1 Qg3 29. Ne2 Qe3+ 30. Rf2 Re7 31. g6 fxg6 32. hxg6 h6 33. b4 Qg5 34. Qc8+ Re8 35. Qc7 Qe7 36. Qxe7 Rxe7 37. b5 Be8 38. Kf1 Rd7 39. Nf4 Be5 0-1

[Event "NRW Class2 0607"]
[Site "Germany"]
[Date "2007.04.15"]
[Round "8.1"]
[White "Hintze, Helge"]
[Black "Topolewski, Dirk"]
[Result "1/2-1/2"]
[WhiteElo "2322"]
[BlackElo "2216"]
[PlyCount "110"]
[EventDate "2006.09.17"]
[EventType "team-tourn"]
[EventRounds "9"]
[EventCountry "GER"]
[SourceTitle "EXT 2008"]
[Source "ChessBase"]
[SourceDate "2007.11.25"]
[SourceVersion "1"]
[SourceVersionDate "2007.11.25"]
[SourceQuality "1"]
[WhiteTeam "Hagen"]
[BlackTeam "Castrop Rauxel"]
[WhiteTeamCountry "GER"]
[BlackTeamCountry "GER"]

1. Nf3 d5 2. g3 Nf6 3. Bg2 c6 4. 0-0 Bf5 5. d4 Nbd7 6. c4 e6 7. Nc3 Be7 8. Re1 h6 9. Nd2 0-0 10. e4 dxe4 11. Ndxe4 Nxe4 12. Nxe4 Nf6 13. Nc3 Qd7 14. h3 Rfd8 15. Be3 Bb4 16. Qb3 Ba5 17. Qa3 Bc7 18. Rad1 Bd6 19. Qb3 Rac8 20. Rd2 Qe7 21. a3 Rd7 22. Qd1 Qd8 23. g4 Bg6 24. f4 Bc7 25. Qe2 Bb6 26. Red1 a6 27. Qf2 Kh8 28. Bf3 Bh7 29. Qg2 Qc7 30. h4 Ng8 31. h5 Ne7 32. Qf2 Rcd8 33. b4 Ba7 34. a4 f5 35. g5 hxg5 36. Bg2 g4 37. a5 Ng8 38. Na4 Nf6 39. Qh4 Rf7 40. Nc5 Bxc5 41. dxc5 Rxd2 42. Rxd2 Rd7 43. h6 Rxd2 44. Bxd2 Ne4 45. Bxe4 fxe4 46. Bc3 Qd7 47. Qxg4 Kg8 48. Qh5 e3 49. Qe5 Qd1+ 50. Kh2 Qe2+ 51. Kh1 Qf1+ 52. Kh2 Qf2+ 53. Kh1 Qh4+ 54. Kg1 Qg3+ 55. Kh1 Qh3+ 1/2-1/2

[Event "NRW Class2 0607"]
[Site "Germany"]
[Date "2007.03.18"]
[Round "7.5"]
[White "Topolewski, Dirk"]
[Black "Muschik, Benedikt"]
[Result "1-0"]
[WhiteElo "2216"]
[BlackElo "2205"]
[PlyCount "67"]
[EventDate "2006.09.17"]
[EventType "team-tourn"]
[EventRounds "9"]
[EventCountry "GER"]
[SourceTitle "EXT 2008"]
[Source "ChessBase"]
[SourceDate "2007.11.25"]
[SourceVersion "1"]
[SourceVersionDate "2007.11.25"]
[SourceQuality "1"]
[WhiteTeam "Castrop Rauxel"]
[BlackTeam "Muenster II"]
[WhiteTeamCountry "GER"]
[BlackTeamCountry "GER"]

1. e4 c5 2. c3 d6 3. d4 Qc7 4. Bd3 g6 5. f4 Bg7 6. Ne2 e6 7. 0-0 Ne7 8. Be3 b6 9. Nd2 Bb7 10. f5 gxf5 11. exf5 Nxf5 12. Bxf5 exf5 13. Ng3 Bf6 14. Rxf5 Qe7 15. Bf4 Bc8 16. Qf3 d5 17. Bxb8 Bxf5 18. Nxf5 Qe6 19. Bg3 0-0-0 20. Re1 Qc6 21. Re7 Rd7 22. Qf4 Rxe7 23. Nxe7+ Bxe7 24. Qb8+ Kd7 25. Qxh8 Bf6 26. Qxh7 Qe6 27. Qh3 cxd4 28. Qxe6+ fxe6 29. c4 dxc4 30. Nxc4 Kc6 31. Kf2 Kd5 32. b3 b5 33. Nd2 a6 34. h4 1-0

[Event "NRW Class1 0506"]
[Site "Germany"]
[Date "2006.05.07"]
[Round "9.1"]
[White "Topolewski, Dirk"]
[Black "Chlechowitz, Frank"]
[Result "1-0"]
[WhiteElo "2233"]
[BlackElo "2228"]
[PlyCount "187"]
[EventDate "2005.09.25"]
[EventType "team"]
[EventRounds "9"]
[EventCountry "GER"]
[SourceTitle "EXT 2006"]
[Source "ChessBase"]
[SourceDate "2005.11.24"]
[SourceVersion "1"]
[SourceVersionDate "2005.11.24"]
[SourceQuality "1"]
[WhiteTeam "Castrop Rauxel"]
[BlackTeam "Bergneustadt/Derschlag"]
[WhiteTeamCountry "GER"]
[BlackTeamCountry "GER"]

1. Nf3 d5 2. d4 Nf6 3. e3 c6 4. Nbd2 Bg4 5. h3 Bh5 6. g4 Bg6 7. Ne5 Nbd7 8. h4 h6 9. Nxg6 fxg6 10. Bd3 Kf7 11. Nf3 e6 12. c3 Bd6 13. g5 Ng8 14. e4 Ne7 15. gxh6 gxh6 16. Qc2 dxe4 17. Bxe4 Nf5 18. Bd2 Qc7 19. 0-0-0 Rae8 20. Qd3 Nf6 21. Rde1 Nxe4 22. Rxe4 Kg7 23. Rg1 Kf7 24. Kb1 Rhg8 25. Qe2 Rg7 26. Re1 Qc8 27. Bf4 Bxf4 28. Rxf4 Kg8 29. Re4 Rge7 30. Ne5 Kh7 31. Rg1 Rg7 32. Ng4 Rf7 33. Re1 h5 34. Ne5 Rfe7 35. Rg1 Rg8 36. Nf3 Rge8 37. Ng5+ Kg7 38. Re1 Kf6 39. Qf3 Qc7 40. Re5 Qc8 41. Ne4+ Kg7 42. Rg1 Rh8 43. Rxg6+ Kxg6 44. Qg2+ Kf7 45. Rxf5+ exf5 46. Nd6+ Ke6 47. Nxc8 Rxc8 48. Qg6+ Kd7 49. Qxf5+ Kc7 50. Qxh5 Rf8 51. f3 Ref7 52. Qe5+ Kd7 53. h5 Rxf3 54. h6 Rf1+ 55. Kc2 R8f2+ 56. Kd3 Rf3+ 57. Kc4 b5+ 58. Kb3 Rh1 59. Qg7+ Kd8 60. Qg2 Rfh3 61. Qxc6 Rxh6 62. Qa8+ Kc7 63. Qxa7+ Kc6 64. Qa6+ Kc7 65. Qa7+ Kc6 66. Qa8+ Kb6 67. Kb4 R1h5 68. Qd8+ Kc6 69. Qa8+ Kb6 70. Qa5+ Kb7 71. Qd8 Kc6 72. b3 Rh8 73. Qf6+ Kc7 74. Qe7+ Kb6 75. Qe6+ Kb7 76. d5 R8h6 77. Qd7+ Ka8 78. Qc8+ Ka7 79. Qc7+ Ka8 80. Qd8+ Kb7 81. Kxb5 Rh8 82. Qd7+ Ka8 83. Qc6+ Ka7 84. Qb6+ Ka8 85. Ka6 R5h7 86. Qc6+ Kb8 87. c4 Ra7+ 88. Kb6 Rah7 89. d6 Rc8 90. Qd5 Ra7 91. d7 Rd8 92. Qd6+ Ka8 93. Qc7 Rb8+ 94. Qxb8+ 1-0